00489nam a22001457a 450000500170000000800410001702000220005810000430008024500980012325000120022126000530023330000290028694200150031599900130033020260427115932.0260427b |||||||| |||| 00| 0 eng d a978-81-265-3687-0 aSolomons T.W. Graham & Fryhle B. Craig aOrganic Chemistry: International Students Versionc/ T.W. Graham Solomons and Craig B. Fryhle a10th ed aDaryaganj New Delhi;bWiley India Pvt Ltd;c2011 axxix,1164p.ill;c23.5cm  2ddccBKn0 c239d239